Politická psychologie /
Uložené v:
| Hlavný autor: | |
|---|---|
| Médium: | Kniha |
| Jazyk: | Czech |
| Vydané: |
Praha :
Ekopress,
2004
|
| Vydanie: | Vyd. 1. |
| Témy: | |
| ISBN: |
808611984X (viaz.) |
| Fyzický popis: |
319 s. : grafy, tab. ; 25 cm |
| Tagy: |
Pridať tag
Žiadne tagy, Buďte prvý kto otaguje tento záznam!
|
Titul je dostupný aj v ... 

MARC
| LEADER | 00000nam a2200000 a 4500 | ||
|---|---|---|---|
| 001 | 000020002 | ||
| 005 | 20060516111847.0 | ||
| 008 | 060223s2004 xr a e b 000 0 czeo | ||
| 020 | |a 808611984X (viaz.) | ||
| 040 | |a SVKKK |b slo |c SVKKK |e AACR2 | ||
| 041 | 0 | |a cze | |
| 044 | |a xr |c CZ | ||
| 072 | 7 | |a 321 |x Politológia |2 konspekt | |
| 080 | |a 159.9:32 |2 1997 | ||
| 080 | |a (048.8) |2 1997 | ||
| 100 | 1 | |a Krejčí, Oskar, |d 1948- |4 aut | |
| 245 | 1 | 0 | |a Politická psychologie / |c Oskar Krejčí |
| 250 | |a Vyd. 1. | ||
| 260 | |a Praha : |b Ekopress, |c 2004 | ||
| 300 | |a 319 s. : |b grafy, tab. ; |c 25 cm | ||
| 504 | |a Poznámky pod čiarou. Bibliografia s. 313-319 | ||
| 650 | 0 | 7 | |a politická psychológia |2 SVKKKPH |
| 655 | 7 | |a monografie |2 SVKKKPH | |
| 919 | |a 80-86119-84-X | ||
| 998 | |a BK | ||
| 090 | |g SCKHL |k Sklad Pribinova prízemie |a IV.195432 |j 976547 |i 2720065155 |s Absenčne | ||